Staffing organizations/ (Record no. 363785)
[ view plain ]
| 000 -LEADER | |
|---|---|
| fixed length control field | 00477nam a2200157Ia 4500 |
| 008 - FIXED-LENGTH DATA ELEMENTS--GENERAL INFORMATION | |
| fixed length control field | 200626s9999 xx 000 0 und d |
| 020 ## - INTERNATIONAL STANDARD BOOK NUMBER | |
| International Standard Book Number | 978-007-126355-9 |
| 100 ## - MAIN ENTRY--PERSONAL NAME | |
| Personal name | Heneman III, Herbert G. |
| 245 ## - TITLE STATEMENT | |
| Statement of responsibility, etc | Herbert G. Heneman III, Timothy A. Judge.-- |
| Title | Staffing organizations/ |
| 250 ## - EDITION STATEMENT | |
| Edition statement | 6th ed. |
| 260 ## - PUBLICATION, DISTRIBUTION, ETC. (IMPRINT) | |
| Place of publication, distribution, etc | New York: |
| Name of publisher, distributor, etc | McGrawHill |
| Date of publication, distribution, etc | 2009 |
| 300 ## - PHYSICAL DESCRIPTION | |
| Extent | xvi, 751 pages |
| 500 ## - GENERAL NOTE | |
| General note | Includes Index |
| 650 ## - SUBJECT ADDED ENTRY--TOPICAL TERM | |
| Topical term or geographic name as entry element | Employee selection. |
| 650 ## - SUBJECT ADDED ENTRY--TOPICAL TERM | |
| Topical term or geographic name as entry element | Employees -- Recruiting. |
| Withdrawn status | Lost status | Damaged status | Home library | Current library | Shelving location | Date acquired | Total Checkouts | Full call number | Barcode | Date last seen | Price effective from | Koha item type |
|---|---|---|---|---|---|---|---|---|---|---|---|---|
| Southville International School Affiliated with Foreign Universities Library | Southville International School Affiliated with Foreign Universities Library | Southville Foreign University Section | 06/26/2020 | HF 5549.5.R44 .H498 2009 | SFU2639 | 06/26/2020 | 06/26/2020 | Books |